رهان علي الإنسان : (Record no. 6216)
[ view plain ]
| 000 -الفاتح | |
|---|---|
| حقل البيانات ثابتة الطول | 00581nac a22001331u 4500 |
| 008 - عناصر البيانات ثابتة الطول - معلومات عامة | |
| حقل البيانات ثابتة الطول | 080930s1995 xxu||||| |||| 00| 0 ara d |
| 082 ## - رقم تصنيف ديوى العشرى | |
| رقم التصنيف | 301.243 |
| رقم المادة | ب ا ن |
| 245 ## - بيان العنوان | |
| العنوان | رهان علي الإنسان : |
| بقية العنوان | التفاؤل كتحد / |
| بيان المسئوليه,etc | روبير بانك ؛ مراجعة علي الخش ؛ ترجمة ندرة اليازجي |
| 260 ## - PUBLICATION, DISTRIBUTION, ETC. (IMPRINT) | |
| مكان الناشر او الموزع | دمشق : |
| اسم الناشر او الموزع | وزارة الثقافة ،1995 |
| تاريخ النشر أو التوزيع | 1995. |
| 300 ## - الوصف المادى | |
| التعداد | 422 ص ؛ |
| أبعاد الوعاء | 24 سم. |
| 650 ## - المدخل الاضافى بالموضوع-مصطلح موضوعى | |
| مصطلح موضوعي أو اسم جغرافي كعنصر مدخل | التكنولوجيا |
| 9 (RLIN) | 8621 |
| التقسيم الفرعي العام | الجوانب الإجتماعية |
| 650 ## - المدخل الاضافى بالموضوع-مصطلح موضوعى | |
| مصطلح موضوعي أو اسم جغرافي كعنصر مدخل | التكنولوجيا |
| 9 (RLIN) | 8621 |
| 942 ## - عناصر المدخل الإضافي( كوها) | |
| Koha [default] item type | Book - Borrowing |
| سابقة رقم الطلب | 301.243ب ا ن |
| مصدر التصنيف او مخطط الترفيف | Dewey Decimal Classification |
| حالة التراجع | حالة الفقد | مصدر التصنيف او خطة الترفيف | حالة تلف | ليس للاعارة | مجموعات كوها | المكان الدائم | المكان الحالي | موقع الترفيف | تاريخ الاكتساب | Source of acquisition | رقم الاستدعاء | الباركود | Date last seen | نوع الوعاء |
|---|---|---|---|---|---|---|---|---|---|---|---|---|---|---|
| Dewey Decimal Classification | Alef-Baa | Central Library | Central Library | First floor | 18/11/2007 | 301.243 ب ا ن | 000007785 | 15/07/2025 | Book - Borrowing |